Sivas şehri / (Record no. 15900)

MARC details
000 -BAŞLIK
Sabit Uzunlukta Kontrol Alanı 00911nam a22002297a 4500
999 ## - SİSTEM KONTROL NUMARALARI (KOHA)
Koha Biblionumber 15900
Koha Biblioitemnumber 15900
003 - KONTROL NUMARASI IDENTIFIER
Denetim Alanı MIRAKIL
005 - SON İŞLEM TARİHİ VE ZAMANI
Denetim Alanı 20240418110529.0
008 - SABİT-BOY VERİ ELEMANLARI - GENEL BİLGİLER
Sabit Uzunlukta Kontrol Alanı 240418b tu ||||| |||| 00| 0 tur d
020 ## - ULUSLARARASI STANDART KİTAP NUMARASI
Uluslararası Standart Kitap Numarası 9789751627346
040 ## - KATALOGLAMA KAYNAK
Orijinal Kataloglama Ajansı TR-AnCHP
Metne Dönüştürmek Ajansı TR-AnCHP
041 ## - DİL KODU
Metin / Ses Parça Veya Ayrı Başlığın Dil Kodu tur
082 ## - DEWEY ONLU SINIFLANDIRMA NUMARASI
Sınıflandırma Numarası 956.535
Ürün Numarası U98s 2020
100 ## - ANA GİRİŞ - KİŞİSEL İSİM
Kişisel Ad Uzunçarşılı, İsmail Hakkı
245 10 - BAŞLIK TABLOSU
Başlık Sivas şehri /
Sorumluluk Tablosu, Vb İsmail Hakkı Uzunçarşılı, Rıdvan Nafiz Edgüer ; yayına hazırlayan: Recep Toparlı.
260 ## - YAYIN, DAĞITIM, VB
Yayın, Dağıtım, Vb Yeri Ankara :
Yayıncı, Dağıtıcı, Vs Adı Atatürk Kültür, Dil ve Tarih Yüksek Kurumu Türk Tarih Kurumu,
Yayın, Dağıtım, Vb Tarihi 2020.
300 ## - FİZİKSEL TANIM
Kapsam x, 322 s. :
Diğer Fiziksel Ayrıntıları res. ;
Boyutlar 24 cm.
490 0# - SERİSİ TABLOSU
Seri Beyanı Atatürk Kültür, Dil ve Tarih Yüksek Kurumu Türk Tarih Kurumu ;
Hacim / Ardışık Tanımı IV/A-2-2.12 dizi - sayı-6
500 ## - GENEL NOT
Genel Not Osmanlıca metin içerir<br/>
651 #0 - KONU KATMA GİRİŞ - COĞRAFİ ADI
9 (RLIN) 5865
Coğrafi İsim Sivas, Türkiye
856 ## - ELEKTRONİK YER VE ERİŞİM
Kamu Notu Dijital Nüshası için Partimizin Kütüphane Sorumlusu ile iletişime geçiniz.
942 ## - EKLENDİ GİRİŞ ELEMANLARI (KOHA)
Sınıflandırma Veya Raf Düzeni Kaynak Dewey Decimal Classification
Koha Öğesi Türü Books
Holdings
Kalıcı Konum Mevcut Konum Edinme Tarihi Toplam Check-Out'Lar Tam Çağrı Numarası Barkod Tarih Son Görülme İtibaren Geçerli Fiyatlar Koha Öğesi Türü
CHP Kütüphanesi CHP Kütüphanesi 04/18/2024   956.535 U98s 2020 21851 04/18/2024 04/18/2024 Books